Rhode Island's top cities alphabetically Quiz Stats

 Plays Quiz not verified by Sporcle

Score 0/20 Timer 06:00
0 Plays Today
City % Correct
Providence
92.1%
Warwick
84.2%
Cranston
81.6%
Bristol
71.1%
Newport
71.1%
Pawtucket
71.1%
East Providence
65.8%
North Providence
65.8%
Woonsocket
65.8%
Cumberland
63.2%
City % Correct
West Warwick
60.5%
Westerly
57.9%
Coventry
55.3%
Johnston
50%
Central Falls
44.7%
Lincoln
44.7%
Smithfield
42.1%
North Kingstown
39.5%
South Kingstown
39.5%
Portsmouth
36.8%

You're not logged in!

Compare scores with friends on all Sporcle quizzes.
OR
Log In

Show Comments

Extras

Top Quizzes Today


Score Distribution

Your Account Isn't Verified!

In order to create a playlist on Sporcle, you need to verify the email address you used during registration. Go to your Sporcle Settings to finish the process.

Report this User

Report this user for behavior that violates our Community Guidelines.

Details: